=LDR 00000nam 2200000 4500 =001 INLIS000000000003299 =005 20241028085021 =035 ##$$a 0010-0122001974 =245 1#$$a Buku Pintar Pemrograman Internet : $b Mencakup HTML5, PHP, dan MySQL sekaligus /$c Jubilee Enterprise =100 #$$a ENTERPRISE Jubilee =250 ##$$a Cet. 1 =300 ##$$a xii, 220 halaman : $b gambar ; $c 14x21 cm$e - =856 ##$$a OPAC (Rak Tandon - Rak 1.2) =260 ##$$a Jakarta :$b PT Elex Media Komputindo,$c 2014 =082 ##$$a 004.678 =084 ##$$a 004.678 ENT b =020 ##$$a 978-602-02-5317-6 =650 #4$$a Internet =650 #4$$a Sumbangan Mahasiswa 2017 =500 ##$$a Sumbangan Mahasiswa 2017 =520 ##$$a Buku ini cocok dipelajari oleh siapa saja yang ingin mengetahui pemrograman internet dalam satu langkah. Terutama bagi anda yang ingin menjadi programmer internet berbasis website. =008 241028################g##########0#ind## =990 ##$$a 238/SM-17